ბათუმის შოთა რუსთაველის სახელმწიფო უნივერსიტეტის ბიბლიოთეკა

საქართველოს მოსახლეობის 2002 წლის პირველი ეროვნული საყოველთაო აღწერის შედეგები : (ბიბ.ჩანაწერი № 57179)

000 -ლიდერი
ფიქსირებული სიგრძის საკონტროლო ველი 01582nam a22002297a 4500
003 - საკონტროლო ნომრის იდენტიფიკატორი
საკონტროლო ველი Ge_BSU
005 - ბოლო ოპერაციის თარიღი და დრო
საკონტროლო ველი 20191224095820.0
008 - ფიქსირებული სიგრძის მონაცემთა ელემენტები - ზოგადი ინფორმაცია
ფიქსირებული სიგრძის საკონტროლო ველი 191224s2003 ge ||||| |||| 00| 0 geo d
020 ## - წიგნის საერთაშორისო სტანდარტული ნომერი
International Standard Book Number 9992807687
040 ## - კატალოგიზაციის წყარო
Original cataloging agency
041 ## - ენის კოდი
Language code of text/sound track or separate title geo
080 ## - უნივერსალური ათობითი კლასიფიკაციის ინდექსი
Universal Decimal Classification number 311 ს-32
245 ## - ცნობა სათაურის შესახებ
Title საქართველოს მოსახლეობის 2002 წლის პირველი ეროვნული საყოველთაო აღწერის შედეგები :
Remainder of title ტ. 1. /
Statement of responsibility, etc საქ. სტატისტიკის სახ. დეპარტამენტი ; [წიგნი მოამზადა სამუშაო ჯგუფმა: ციალა ელიაძე (ხელმძღვ.), ნათელა ქველაძე, ირაკლი აფხაიძე და სხვ. ; სარედ. კოლ.: თეიმურაზ ბერიძე (მთ. რედ.) და სხვ.
264 ## - წარმოების, გამოცემის, დისტრიბუციის და სხვა ცნობები
გამოცემის, წარმოების, დისტრიბუციის... ადგილი თბილისი,
გამოცემის, წარმოების, დისტრიბუციის... თარიღი 2003.
300 ## - ფიზიკური აღწერა
Extent 220 გვ.
Other physical details 26 სმ.
653 ## - INDEX TERM--UNCONTROLLED
Uncontrolled term საქართველოს მოსახლეობის სტატისტიკა
653 ## - INDEX TERM--UNCONTROLLED
Uncontrolled term საქართველოს მოსახლეობის 2002 წლის აღწერა
700 ## - ADDED ENTRY--PERSONAL NAME
Personal name ელიაძე, ციალა
9 (RLIN) 5930
700 ## - ADDED ENTRY--PERSONAL NAME
Personal name ბერიძე, თეიმურაზ
Relator term რედაქტორი
9 (RLIN) 5931
710 ## - ADDED ENTRY--CORPORATE NAME
Corporate name or jurisdiction name as entry element საქართველოს სტატისტიკის სახ. დეპარტამენტი
9 (RLIN) 5932
942 ## - ADDED ENTRY ELEMENTS (KOHA)
Source of classification or shelving scheme
Koha item type წიგნი
ეგზემპლარები
ჩამოწერის სტატუსი დაკარგული ეგზემპლარის სტატუსი კლასიფიკაციის წყარო ან თაროზე გაწყობის სქემა მითითებული მასალები (აკინძული ტომები ან სხვა ნაწილი) დაზიანების სტატუსი არ გაიცემა მუდმივი მდებარეობა (დაცვის ადგილი) ამჟამინდელი ადგილსამყოფელი შეძენის თარიღი ღირებულება, შესყიდვის ნორმალური ფასი სრული შენახვის შიფრი შტრიხკოდი ბოლო ოპერაციის თარიღი ეგზემპლარის მიმდევრობითი ნომერი (კეტერი?) ფასის ძალაში შესვლის თარიღი ეგზემპლარის სახეობა საჯარო შენიშვნა
      ქსეროასლი     ბათუმის შოთა რუსთაველის სახელმწიფო უნივერსიტეტის მთავარი ბიბლიოთეკა ბათუმის შოთა რუსთაველის სახელმწიფო უნივერსიტეტის მთავარი ბიბლიოთეკა 2019-12-24 7.50 311 ს-32 00591 2019-12-24 00591 2019-12-24 წიგნი 7 ლ. 50 თ.